Official languages of India - Statistics

General Stats
  • This quiz has been taken 73 times
  • The average score is 11 of 23
Answer Stats
Languages % Correct
Hindi
98%
Tamil
94%
Malayalam
89%
Telugu
84%
Kannada
74%
Urdu
69%
Bengali
66%
English
63%
Punjabi
61%
Marathi
55%
Gujarati
44%
Nepali
40%
Sanskrit
35%
Assamese
32%
Kashmiri
32%
Odia
26%
Konkani
24%
Bodo
21%
Dogri
21%
Sindhi
16%
Maithili
15%
Santali
8%
Meitei
5%
No matching quizzes found
Score Distribution
Percent of People with Each Score
Percentile by Number Answered
Your Score History
You have not taken this quiz